[Event "GER-chT U12"]
[Site "Magdeburg"]
[Date "2015.12.29"]
[Round "6.3"]
[White "Dehn, Lukas"]
[Black "Schulter, Moritz"]
[Result "1/2-1/2"]
[WhiteElo "1104"]
[BlackElo "1220"]
[PlyCount "42"]
[EventDate "2015.12.27"]
[EventType "team-swiss"]
[EventRounds "7"]
[EventCountry "GER"]
[SourceTitle "EXT 2017"]
[Source "ChessBase"]
[SourceDate "2016.10.25"]
[SourceVersion "1"]
[SourceVersionDate "2016.10.25"]
[SourceQuality "1"]
[WhiteTeam "Ende"]
[BlackTeam "Gera"]
[WhiteTeamCountry "GER"]
[BlackTeamCountry "GER"]

1. e4 e5 2. Nf3 Nc6 3. Bb5 a6 4. Bxc6 dxc6 5. Nc3 Bd6 6. d3 h6 7. 0-0 Be6 8. Be3 Nf6 9. Ne2 c5 10. c3 Nd7 11. h3 f5 12. exf5 Bxf5 13. d4 Qe7 14. b3 0-0-0 15. Ng3 Bg6 16. Re1 e4 17. Nd2 Bxg3 18. fxg3 Rhe8 19. Qg4 Bh7 20. Re2 Kb8 21. Rae1 Nf6 1/2-1/2

[Event "GER-chT U12"]
[Site "Magdeburg"]
[Date "2015.12.27"]
[Round "2.3"]
[White "Dehn, Lukas"]
[Black "Sowka, Patrick"]
[Result "0-1"]
[WhiteElo "1104"]
[BlackElo "1418"]
[PlyCount "48"]
[EventDate "2015.12.27"]
[EventType "team-swiss"]
[EventRounds "7"]
[EventCountry "GER"]
[SourceTitle "EXT 2017"]
[Source "ChessBase"]
[SourceDate "2016.10.25"]
[SourceVersion "1"]
[SourceVersionDate "2016.10.25"]
[SourceQuality "1"]
[WhiteTeam "Ende"]
[BlackTeam "Ergolding"]
[WhiteTeamCountry "GER"]
[BlackTeamCountry "GER"]

1. e4 e5 2. Nf3 Nc6 3. Nc3 Bc5 4. Bc4 d6 5. d3 Be6 6. b3 Nf6 7. 0-0 0-0 8. Re1 Nd4 9. Bg5 Bb4 10. Bd2 Bg4 11. Rc1 c6 12. h3 Nxf3+ 13. gxf3 Bxh3 14. f4 exf4 15. Qf3 Bg4 16. Qxf4 b5 17. Bxf7+ Rxf7 18. f3 Bxc3 19. Bxc3 Be6 20. Kf2 Ng4+ 21. Ke2 Rxf4 22. Rg1 Ne5 23. Rg3 Qf6 24. Rcg1 Rf8 0-1